International economics : A European focus
This introductory, concise and non-technical approach to international economics deals with issues in the international environment which are of relevance to UK/European students, relating international economics to the European experience wherever it is appropriate to do so. The book is aimed at un...
Gardado en:
| Autor Principal: | |
|---|---|
| Formato: | Libro |
| Idioma: | Undetermined |
| Publicado: |
Harlow, England
FT Prentice Hall
2004
|
| Những chủ đề: | |
| Các nhãn: |
Engadir etiqueta
Sen Etiquetas, Sexa o primeiro en etiquetar este rexistro!
|
| Thư viện lưu trữ: | Trung tâm Học liệu Trường Đại học Cần Thơ |
|---|
| LEADER | 01130nam a2200229Ia 4500 | ||
|---|---|---|---|
| 001 | CTU_116822 | ||
| 008 | 210402s9999 xx 000 0 und d | ||
| 020 | |c 57.99 | ||
| 082 | |a 337 | ||
| 082 | |b I.48 | ||
| 100 | |a Ingham, Barbara | ||
| 245 | 0 | |a International economics : | |
| 245 | 2 | |b A European focus | |
| 245 | 0 | |c Barbara Ingram | |
| 260 | |a Harlow, England | ||
| 260 | |b FT Prentice Hall | ||
| 260 | |c 2004 | ||
| 520 | |a This introductory, concise and non-technical approach to international economics deals with issues in the international environment which are of relevance to UK/European students, relating international economics to the European experience wherever it is appropriate to do so. The book is aimed at undergraduate students taking a course in international economics. As well as students specialising in economics, the book will be useful to students on business studies, management and social science programmes | ||
| 650 | |a International economic relations,International trade | ||
| 650 | |x Case studies,Case studies | ||
| 904 | |i Minh | ||
| 980 | |a Trung tâm Học liệu Trường Đại học Cần Thơ | ||